| 000 | 00967nam a2200289 i 4500 | ||
|---|---|---|---|
| 003 | EG-GICUC | ||
| 005 | 20260121101211.0 | ||
| 008 | 251111s1956 -usak |f |||| 001 0 eng d | ||
| 040 |
_aEG-GiCUC _beng _cEG-GiCUC _dEG-GiCUC _erda |
||
| 041 | 0 | _aeng | |
| 082 | 0 | 4 |
_221 _a338.9 _bME . S |
| 092 | 0 | 4 | _221 |
| 099 | _aLaw1 13 338.9 ME . S 1956 | ||
| 100 | 1 |
_aMeier , Richard L. _eAuthor. |
|
| 245 | 1 | 0 |
_aScience And Economic Development : _bNew Patterns Of Living / _cRichard L. Meier. |
| 264 | 1 |
_aNew York : _bJohn Wiley & Sons, Inc., _c1956. |
|
| 300 |
_a266 pages : _billustrations ; _c24 cm. |
||
| 336 |
_2rda content _atext |
||
| 337 |
_2rda media _aComputer |
||
| 338 |
_2rda carrier _aOnline Resource |
||
| 504 | _aIncludes bibliographical references and index. | ||
| 546 | _aText in English | ||
| 650 | 1 | 4 | _aPublic finance and tax legislation |
| 856 | 4 | 0 | _uhttps://fll.law.cu.edu.eg/fulltext/bks/B13-07510.pdf |
| 905 | _a48 | ||
| 942 |
_2ddc _cBK _e21 _n0 |
||
| 999 |
_c42646 _d42646 |
||